Lataa...
Marketing
| Päätekijä: | |
|---|---|
| Muut tekijät: | |
| Aineistotyyppi: | Printed Book |
| Julkaistu: |
New Delhi
Sultan Chand
1993
|
| Painos: | 7th ed. |
| Aiheet: |
| LEADER | 00503cam a2200181ua 4500 | ||
|---|---|---|---|
| 020 | |a 81-7014-164-8 | ||
| 082 | |a 658.8 |b RAJ/M | ||
| 100 | |a Rajan.N.Nair | ||
| 245 | 0 | 0 | |a Marketing |
| 250 | |a 7th ed. | ||
| 260 | |a New Delhi |b Sultan Chand |c 1993 | ||
| 300 | |a 461p.. | ||
| 650 | |a Marketing | ||
| 650 | 0 | |a Management | |
| 700 | 0 | 2 | |a Sanjith R. Nair |
| 942 | |c BK | ||
| 999 | |c 9315 |d 9315 | ||
| 952 | |0 0 |1 0 |4 0 |6 658_800000000000000_RAJM |7 0 |9 9714 |a KUCL |b KUCL |d 2014-05-23 |l 8 |m 3 |o 658.8 RAJ/M |p 02649 |r 2019-11-04 |s 2019-10-22 |y BK | ||